№ 2 (75); Научный вестник НГТУ

Bibliografiset tiedot
Parent link:Научный вестник НГТУ: [сборник статей]/ Новосибирский государственный технический университет. № 2 (75).— , 1998-2020
Kieli:venäjä
englanti
Julkaistu: 2019
Aiheet:
Aineistotyyppi: MixedMaterials Kirja
KOHA link:https://koha.lib.tpu.ru/cgi-bin/koha/opac-detail.pl?biblionumber=344160

MARC

LEADER 00000nam2a2200000 4500
001 344160
005 20231102005632.0
035 |a (RuTPU)RU\TPU\book\375404 
035 |a RU\TPU\book\373041 
090 |a 344160 
100 |a 20200110d2019 k y0rusy50 ca 
101 0 |a rus  |a eng 
102 |a RU 
105 |a a z 001zy 
200 0 |a № 2 (75) 
210 |d 2019 
215 |a 156 с.  |c ил. 
320 |a Библиография в конце статей 
461 1 |0 (RuTPU)RU\TPU\book\44599  |t Научный вестник НГТУ  |o [сборник статей]  |f Новосибирский государственный технический университет  |v № 2 (75)  |d 1998-2020 
606 1 |a Технические системы  |x Автоматика  |2 stltpush  |3 (RuTPU)RU\TPU\subj\67451  |9 83244 
610 1 |a информатика 
610 1 |a вычислительная техника 
610 1 |a управление 
610 1 |a приборостроение 
610 1 |a метрология 
610 1 |a информационно-измерительные приборы 
610 1 |a информационно-измерительные системы 
610 1 |a энергетика 
610 1 |a равномерное освещение 
610 1 |a веб-камеры 
610 1 |a социокиберфизические системы 
610 1 |a онтология 
610 1 |a мобильные роботы 
610 1 |a языки программирования 
610 1 |a компиляторы 
610 1 |a синтаксические анализаторы 
610 1 |a ошибки 
610 1 |a обработка 
610 1 |a экспертные системы 
610 1 |a экспертные группы 
610 1 |a управление проектами 
610 1 |a компетенции 
610 1 |a информационная безопасность 
610 1 |a злонамеренные атаки 
610 1 |a Земля 
610 1 |a дистанционное зондирование 
610 1 |a аэрокосмические снимки 
610 1 |a субпиксельная обработка 
610 1 |a комплементарные отношения 
610 1 |a оптические резонансные системы 
610 1 |a системы Фабри-Перо 
610 1 |a силовые кабели 
610 1 |a термофлуктуационное процессы 
610 1 |a частичные разряды 
610 1 |a синхронные генераторы 
675 |a 681.51  |v 4 
801 1 |a RU  |b 63413507  |c 20170831 
801 2 |a RU  |b 63413507  |c 20231009  |g RCR 
942 |c BK